| 000 | 01537cam a22004218i 4500 | ||
|---|---|---|---|
| 005 | 20260322212012.0 | ||
| 008 | data | ||
| 010 | _a 2013048318 | ||
| 020 | _a9780071794794 (hardcover : alk. paper) | ||
| 020 | _a0071794794 (hardcover : alk. paper) | ||
| 020 | _a0071794794 | ||
| 040 |
_aDNLM _beng _erda _cDNLM |
||
| 041 | 0 | 9 | _aeng |
| 042 | _apcc | ||
| 044 | _9United States | ||
| 060 | 1 | 0 | _aWL 140 |
| 096 | _aWL 140 R785a 2014 | ||
| 100 | 1 |
_aRopper, Allan H., _eauthor. |
|
| 245 | 1 | 0 |
_aAdams and Victor's principles of neurology / _cAllan H. Ropper, Martin A. Samuels & Joshua Klein. |
| 246 | 1 | _aPrinciples of neurology | |
| 250 | _aTenth edition. | ||
| 260 |
_bMcGraw Hill _c2014 |
||
| 263 | _a1404 | ||
| 264 | 1 |
_aNew York : _bMcGraw-Hill Education Medical, _c[2014] |
|
| 336 |
_atext _2rdacontent |
||
| 337 |
_aunmediated _2rdamedia |
||
| 338 |
_avolume _2rdacarrier |
||
| 500 | _aPreceded by Adams and Victor's principles of neurology / Allan H. Ropper, Martin A. Samuels. 9th ed. c2009. | ||
| 504 | _aIncludes bibliographical references and index. | ||
| 650 | 1 | 2 | _aNervous System Diseases |
| 650 | 2 | 2 | _aMental Disorders |
| 650 | 2 | 2 | _aNeurologic Manifestations |
| 700 | 1 |
_aSamuels, Martin A., _eauthor. |
|
| 700 | 1 |
_aKlein, Joshua, _eauthor. |
|
| 856 | 4 | 0 |
_uhttp://accessmedicine.mhmedical.com/book.aspx?bookid=690 _yAccessMedicine |
| 994 |
_a[CDN] _b[date: YYYYMMDD]***To be added at rev. CIP process |
||
| 001 | data | ||
| 999 |
_c250 _d250 |
||